| 000 | 00736cam a2200229 4500 | ||
|---|---|---|---|
| 001 | ABS62253 | ||
| 008 | 000000n2000 000 0 eng u | ||
| 035 | _a(Sirsi) u105884 | ||
| 100 | _aKnutt, E. | ||
| 245 | _aThere once was an ugly duckling... | ||
| 260 | _c2000 | ||
| 490 |
_aBuilding _v265(8134) 28 April 2000, 14-33(3) |
||
| 520 | _aExamines the current renaissance in provincial towns and discusses how they are being redeveloped to enable them to compete with their more fashionable neighbours. | ||
| 590 | _aABS | ||
| 650 | _aTOWN CENTRES | ||
| 650 | _aPROVINCIAL TOWNS | ||
| 650 | _aREDEVELOPMENT | ||
| 650 | _aREGIONAL DEVELOPMENT AGENCIES | ||
| 650 | _aLOTTERY FUNDING | ||
| 690 | _aREGENERATION | ||
| 942 | _n0 | ||
| 999 |
_c63401 _d63401 |
||